Computer-aided control system design /
Guardado en:
| Autor Principal: | |
|---|---|
| Formato: | Libro |
| Idioma: | English |
| Publicado: |
London :
Academic Press,
1974.
|
| Materias: | |
| Etiquetas: |
Agregar Etiqueta
Sin Etiquetas, Sea el primero en etiquetar este registro!
|
| LEADER | 00706cam a22002175a 4500 | ||
|---|---|---|---|
| 001 | EIQ.libpla001218 | ||
| 008 | 750319s1974####enka#####b####001#0#eng#d | ||
| 005 | 20060822181446.0 | ||
| 245 | 1 | 0 | |a Computer-aided control system design / |c H. H. Rosenbrock. |
| 260 | |a London : |b Academic Press, |c 1974. | ||
| 300 | |a xi, 230 p. : |b il. ; |c 24 cm. | ||
| 504 | |a Bibliografía: p. 224-228. | ||
| 500 | |a Incluye índice. | ||
| 020 | |a 0125974507 | ||
| 100 | 1 | |a Rosenbrock, H. H. | |
| 082 | 0 | 0 | |a 629.8/312 |
| 650 | 0 | |a Control automático |x Procesamiento de datos. | |
| 650 | 0 | |a Automatic control |x Data processing. | |
| 010 | |a 74005678 | ||
| 040 | |a DLC |c DLC |d AR-BbSID | ||
| 859 | |a AR-BbSID |b BIB. PLAPIQUI |h 621.381 1 |i R 72 |p 792 | ||
